| 000 | 00526nam a2200193 4500 | ||
|---|---|---|---|
| 005 | 20260310115943.0 | ||
| 008 | 260310b |||||||| |||| 00| 0 eng d | ||
| 020 | _a9736363927640 | ||
| 041 | _aEnglish | ||
| 082 |
_a333.7 _bDAS |
||
| 100 |
_aDas Biplab Kumar _9216903 |
||
| 245 | _aEnvironmental Science: For all Streams and all Semesters | ||
| 260 |
_aAssam _bARB Publications _c2025 |
||
| 300 | _a321 | ||
| 365 |
_b452.70 _cRs.00 |
||
| 650 |
_aEnvironmental _9216904 |
||
| 700 |
_aIslam Mofidul _9216905 |
||
| 942 | _cBK | ||
| 999 |
_c370642 _d370642 |
||